LEADER 00849nas a2200229 i 4500 001 000000240246 003 CaOOAMICUS 005 20150326000000.0 008 150326b1828 xx uu u0 0lat r 013 $a219151 040 $aSeMil$bita 245 10$a1828. 260 $aMilano :$bAgnelli Jacobus Impress. Archiep.,$c1828. 300 $a39 p. ;$c20 cm. 500 $aFondo card. C. M. Martini. 773 0 $tCalendarium Ambrosianum.$dMediolani : Typis Galeatium & filios impressores archiepiscopales, 1800-1969.$w()2075 850 $aSeMil 852 $aSeMil$W1$xVenegono$y1$m203 4 1/29$j190592$B190592$CSeMilBibl$Z2$F201443 $85 941 1 $a4 961 $aLascito: Martini Card. Carlo Maria 996 $6245$a1828$9(OLS)http://semarc/title/341809 996 $6260$aMilano :$bAgnelli Jacobus Impress. Archiep.$9(OLS)http://semarc/publisher/44629 LEADER 01276nam a2200241 i 4500 001 000000107316 003 CaOOAMICUS 005 20031120000000.0 008 031120s1997 it u000 u ita u 013 $a79553 040 $aSeMil$bita 100 1 $aParisi, Daniela.$0(OLS)http://semarc/name/22831 245 12$aL'economia come scienza utile e interessata ; Sapere tecnico e cultura economica a Milano tra Ottocento e Novecento /$cDaniela Parisi. 260 $aMilano :$bUniversità Cattolica del Sacro Cuore,$cstampa 1997. 300 $a45 p. ;$c22 cm. 490 0 $aQuaderni dell'Istituto di teoria economica e metodi quantitativi ;$v14 650 4$aItalia - Economia - Milano - Sec. 18. -19.$0(OLS)http://semarc/subject/18773 830 0$aQuaderni dell'Istituto di teoria economica e metodi quantitativi ;$v14.$0(OLS)http://semarc/title/13941 850 $aSeMil 852 $aSeMil$W1$xVenegono$y1$m5D VII 13/37$j63412$B63412$CSeMilBibl$Z2$F113165 $81 961 $aOmaggio: Duchini Prof. Francesca 996 $6245$aL'economia come scienza utile e interessata ; Sapere tecnico e cultura economica a Milano tra Ottocento e Novecento$9(OLS)http://semarc/title/155716 996 $6260$aMilano :$bUniversità Cattolica del Sacro Cuore$9(OLS)http://semarc/publisher/32888